Heaviest populated capital cities of countries with less than 10m population - Statistics

General Stats
  • This quiz has been taken 33 times
    31 since last reset
  • The average score is 4 of 9
Answer Stats
Pop Answer % Correct
5.75m Singapore
83%
1.8m Vienna
69%
1.7m Budapest
66%
1.9m Beirut
48%
1.8m Minsk
48%
2.0m Baku
38%
4.0m Amman
28%
1.8m Managua
24%
2.2m San Salvador
14%
No matching quizzes found
Score Distribution
Percent of People with Each Score
Percentile by Number Answered
Your Score History
You have not taken this quiz since the last reset